000 00503cam a2200145 4500500
005 20251012020632.0
041 _afre
042 _adc
100 1 0 _ad'Arienzo, María
_eauthor
245 0 0 _aDéclaration universelle des droits de l'homme et magistère ecclésiastique
260 _c2007.
500 _a91
786 0 _nL'Année canonique | XLIX | 1 | 2007-02-11 | p. 355-370 | 0570-1953
856 4 1 _uhttps://shs.cairn.info/revue-l-annee-canonique-2007-1-page-355?lang=fr&redirect-ssocas=7080
999 _c1536276
_d1536276